| 000 | 01182cam a22003014a 4500 | ||
|---|---|---|---|
| 001 | 14610627 | ||
| 003 | PILC | ||
| 005 | 20150112093446.0 | ||
| 008 | 061025s2008 at a b 001 0 eng | ||
| 010 | _a 2006937382 | ||
| 020 | _a9780495104773 | ||
| 040 |
_aDLC _cDLC |
||
| 050 | 0 | 0 |
_aBF176 _b.V244 2008 |
| 082 |
_aP 150.21 _bV283 2008 |
||
| 100 | 1 |
_aVandeventer A.D. _923356 |
|
| 245 | 1 | 0 |
_aPractice exams with visual guide for psychology : _ba journey / _cA.D. Vandeventer |
| 250 | _a3rd ed. | ||
| 260 |
_aAustralia ; _aBelmont, CA : _bThomson/Wadsworth, _c2008. |
||
| 300 |
_a609 pages : _bcolored illustration ; _c29 cm. |
||
| 500 | _aAccompanied visual guide under title: Practice exams with visual guides for psychology / A.D. VanDeventer, Shawn Talbot. 3rd ed. (v, [59] pages : 28 cm) | ||
| 504 | _aIncludes bibliographical references and indexes. | ||
| 650 | 0 |
_aPsychology _vTextbooks. _923357 |
|
| 700 | 1 |
_aMitterer, John O. _920176 |
|
| 700 | 1 |
_aVanDeventer, Art. _tPractice exams with visual guides for psychology. _923358 |
|
| 906 |
_a7 _bcbc _corignew _d3 _eepcn _f20 _gy-gencatlg |
||
| 942 |
_2lcc _cBK |
||
| 999 |
_c14896 _d14896 |
||